Prohlubování pracovní výchovy

Bibliographic Details
Main Author: Hrdličková, Vendula (Author)
Format: Article
Language:Slovak
Czech
Subjects:

MARC

LEADER 00000nab a2200000 a 4500
001 vtls000094974
003 SK-MaSNL
005 20260304170151.0
008 250422c19801981xo 0 slo
015 |a SNBRB19rr/mm-uuuuu 
035 |a CL0105077 
035 |a urn:nbn:sk:snk-abba6x 
035 |a (urnnbn)urn:nbn:sk:snk:ar-002wul 
035 |a (uuid)9268992c-9a68-4457-8b35-f4ffe21032af 
040 |a SNKBUCL  |b slo  |c SNKBUCL  |e AACR2 
041 0 |a cze 
044 |a xo  |c SK 
080 |a 373.2  |2 1981 
080 |a 37.03  |2 1981 
100 1 |a Hrdličková, Vendula  |4 aut  |9 450464 
245 1 0 |a Prohlubování pracovní výchovy  |c Vendula Hrdličková 
650 0 7 |a materské školy  |2 snkbucl  |9 1278 
650 0 7 |a pracovná výchova  |2 snkbucl  |9 66811 
655 7 |a články z novín a časopisov  |2 snkbucl  |9 267496 
773 0 |t Predškolská výchova  |g Roč. 35, č. 10 (1980/1981), s. 2-4 
850 |a Slovenská národná knižnica 
852 |a Slovenská národná knižnica 
958 |a article15 
958 |a RK 
958 |a CZ 
958 |a OND 
958 |a EUIPO 
992 |a RBX 
999 |c 2987388  |d 2989318